Worlds within worlds : structures of life in sixteenth-century London /

Bibliographic Details
Main Author: Rappaport, Steve Lee
Format: Book
Language:English
Published: Cambridge ; New York : Cambridge University Press, 1989.
Series:Cambridge studies in population, economy, and society in past time ; 7.
Subjects:

MARC

Tag First Indicator Second Indicator Subfields
LEADER 00000cam a2200000 a 4500
001 in00000869986
005 20151019135920.0
008 880323s1989 enka b 00110 eng
010 |a  88010205  
020 |a 0521350654 
035 |a (OCoLC)17871950 
035 |9 AEK3174AM 
040 |a DLC  |c DLC  |d TXA  |d UtOrBLW 
049 |a TXAM  |c [A12977016] 
050 0 0 |a HN398.L7  |b R37 1989 
082 0 0 |a 306/.09421  |2 19 
100 1 |a Rappaport, Steve Lee. 
245 1 0 |a Worlds within worlds :  |b structures of life in sixteenth-century London /  |c Steve Rappaport. 
264 1 |a Cambridge ;  |a New York :  |b Cambridge University Press,  |c 1989. 
300 |a xv, 449 pages :  |b illustrations ;  |c 24 cm. 
336 |a text  |b txt  |2 rdacontent 
337 |a unmediated  |b n  |2 rdamedia 
338 |a volume  |b nc  |2 rdacarrier 
490 1 |a Cambridge studies in population, economy, and society in past time ;  |v 7 
504 |a Bibliography: pages 408-429. 
500 |a Includes index. 
651 0 |a London (England)  |x Social conditions. 
651 0 |a London (England)  |x Economic conditions. 
650 0 |a Social structure  |z England  |z London  |x History  |y 16th century. 
830 0 |a Cambridge studies in population, economy, and society in past time ;  |v 7. 
999 |a MARS 
999 f f |s c4046a2e-fdfb-3d36-a15f-9f24fd3512ea  |i 436d3bc9-0a14-3462-8790-b3657b7fa388  |t 0 
952 f f |p ric  |a Texas A&M University  |b Rellis Campus  |c Joint Library Facility  |d Remote Storage  |t 0  |e HN398.L7 R37 1989  |h Library of Congress classification  |i unmediated -- volume  |m A14812977016 
998 f f |a HN398.L7 R37 1989  |t 0  |l Remote Storage